Ecology and environmental planning
Gardado en:
| Main Authors: | , |
|---|---|
| Formato: | Libro |
| Idioma: | inglés |
| Publicado: |
Londres
Chapman and Hall
1977
|
| Subjects: | |
| Tags: |
Engadir etiqueta
Sen Etiquetas, Sexa o primeiro en etiquetar este rexistro!
|
MARC
| LEADER | 00000nam a2200000 a 4500 | ||
|---|---|---|---|
| 001 | UCU2254 | ||
| 003 | CL-VaPUC | ||
| 008 | 960419e19770000UK |||||||||||||||||eng|d | ||
| 082 | 0 | 4 | |a 577 |b EDI |2 21 |
| 100 | 0 | |a Edington, John M |e author |9 358314 | |
| 700 | 0 | |a Edington, M. Ann |e author |9 358315 | |
| 245 | 1 | 0 | |a Ecology and environmental planning |
| 300 | |a 246 p | ||
| 942 | |c BK | ||
| 945 | |d 19960419 00:00:00 |a mcarcey | ||
| 260 | |a Londres |b Chapman and Hall |c 1977 | ||
| 650 | 0 | |a Ecología |9 258124 | |
| 650 | 0 | |a Industrias |9 263688 | |
| 650 | 7 | |a TRANSPORTES |2 CL-VaPUC |9 344479 | |
| 650 | 7 | |a DESARROLLO URBANO |2 CL-VaPUC |9 358316 | |
| 650 | 7 | |a POLITICA DE MEDIO AMBIENTE |2 CL-VaPUC |9 358317 | |
| 583 | |a last modification |c 19960419 00:00:00 |k Rodrigo Vera | ||
| 999 | |c 246620 |d 246618 | ||